Desolación

Saved in:
Bibliografiske detaljer
Format: Bog
Sprog:spansk
Udgivet: Madrid Espasa-Calpe 1969
Udgivelse:3a. ed
Serier:Colección Austral, 1002
Fag:
Tags: Tilføj Tag
Ingen Tags, Vær først til at tagge denne postø!

MARC

LEADER 00000cam a2200000 a 4500
001 UCF1077
003 CL-VaPUC
008 120621e19690000SP |||||||||||||||||spa|d
082 0 4 |a Ch861  |b MIS  |2 21 
245 1 0 |a Desolación 
250 |a 3a. ed 
300 |a 230 p 
942 |c BK 
945 |d 20120621 00:00:00  |a cmena 
260 |a Madrid  |b Espasa-Calpe  |c 1969 
650 0 |a Poesías chilenas   |9 265280 
650 0 |a Literatura chilena   |9 308278 
583 |a last modification  |c 20120621 10:53:00  |k Rodrigo Vera 
490 0 |a Colección Austral, 1002 
999 |c 348051  |d 348049 
952 |0 0  |1 0  |4 0  |6 CH_861_000000000000000_MIS_1969  |7 0  |8 A  |9 449915  |a BIBART  |b BIBART  |d 2019-11-22  |i 4811518  |l 5  |m 1  |o Ch861 MIS 1969  |p 4811518  |r 2025-04-09  |s 2025-03-25  |w 2019-11-22  |y BK  |k ART